| Поле | Инд. | ПП | Название | Значение |
|---|---|---|---|---|
| Тип записи | a | |||
| Библиографический уровень | a | |||
| 001 | Контрольный номер | 901e2663b86942168e03c05b00c7581e | ||
| 005 | Дата корректировки | 20221206130351.6 | ||
| 041 | 0_ | a | Код языка текста | rus |
| 080 | a | Индекс УДК | 621.365.22 | |
| 097 | b | Оператор | *Т* | |
| 100 | 1_ | a | Автор | Макаров А.Н. |
| 245 | 10 | a | Заглавие | Результаты расчета потоков тепловых излучений короткой дуги на стены ДСП вместимостью 180 тонн |
| b | Продолж. заглавия | статья | ||
| p | Название части/ раздела | - Текст : электронный | ||
| 260 | a | Место издания | Тверь | |
| b | Издательство | ТвГТУ | ||
| 520 | 0_ | a | Аннотация | приведены результаты расчета теплообмена в дуговой сталеплавильной печи вместимостью 180 тонн. В ходе исследований был сделан ряд выводов: при одинаковой длине и мощности дуги уменьшается плотность потоков тепловых излучений дуг в нижней части стен на высоте 0–0,5 м и увеличивается в средней части стен на высоте от 0,5–1,5 м2; плотность излучения по радиусу на ванну металла максимальна на расстоянии 0,6 м и уменьшается по мере удаления от дуги. |
| 653 | 0_ | a | Ключевые слова | электродуговая сталеплавильная печь, тепловое излучение, электрическая дуга, теплообмен |
| 700 | 12 | a | Другие авторы | Иванов В.Ю. |
| 773 | 18 | w | Контрольный № источника | 74cd496a560f49228f2dfd741c32ff31 |
| t | Название источника | Теоретические исследования и экспериментальные разработки студентов и аспирантов : материалы Всероссийской (национальной) научно-практической конференции, 2022 г., Тверь : в 2 частях / под редакцией Т.Б. Новиченковой | ||
| d | Место и дата издания | Тверь : Тверской государственный технический университет, 2022 | ||
| g | Прочая информация | Ч. 2. - С. 65-71 | ||
| 773 | 18 | z | ISBN | 978-5-7995-1232-3 |
| 901 | t | Тип документа | a | |
| 905 | a | Дата создания записи | 28.10.22 | |
| 950 | a | Редактор записи | мс |